Diversified Health Occupations/ (Record no. 14485)

000 -LEADER
fixed length control field 00554nam a22001697a 4500
008 - FIXED-LENGTH DATA ELEMENTS--GENERAL INFORMATION
fixed length control field 161003b xxu||||| |||| 00| 0 eng d
020 ## - INTERNATIONAL STANDARD BOOK NUMBER
International Standard Book Number 0766818209
050 ## - LIBRARY OF CONGRESS CALL NUMBER
Classification number R697 .A4S5 1999
100 ## - MAIN ENTRY--PERSONAL NAME
Personal name Simmers, Louise
245 ## - TITLE STATEMENT
Title Diversified Health Occupations/
Statement of responsibility, etc. Louise Simmers
250 ## - EDITION STATEMENT
Edition statement 5th ed.
260 ## - PUBLICATION, DISTRIBUTION, ETC. (IMPRINT)
Place of publication, distribution, etc. Africa:
Name of publisher, distributor, etc. Delmar/Thompson Learning,
Date of publication, distribution, etc. 1999
300 ## - PHYSICAL DESCRIPTION
Extent xvii, 862p. :
Other physical details ill. ;
Dimensions 28cm.
500 ## - GENERAL NOTE
General note Includes references and index.
650 ## - SUBJECT ADDED ENTRY--TOPICAL TERM
Topical term or geographic name as entry element Allied health personnel
General subdivision Vocational guidance
942 ## - ADDED ENTRY ELEMENTS (KOHA)
Source of classification or shelving scheme
Koha item type Hard Covered Materials
Classification part R697 .A4S5 1999
Holdings
Withdrawn status Lost status Source of classification or shelving scheme Damaged status Not for loan Home library Current library Shelving location Date acquired Source of acquisition Total Checkouts Full call number Barcode Date last seen Price effective from Koha item type
          MACHAKOS UNIVERSITY LIBRARY MACHAKOS UNIVERSITY LIBRARY Open shelf 03/10/2016 Donation (BFA)   R697 .A4S5 1999 26287 08/02/2019 03/10/2016 Hard Covered Materials
© Machakos University Library, Along The Highway, Machakos Wote Rd, Machakos, Kenya P.O. Box 136 - 90100 Machakos - Kenya

Tel: ( +254 ) 723 805829 OR Fax : 044-20353 OR Email: library@mksu.ac.ke